Deutsche Bahnhöfe der Preisklasse 1 - Statistiken

Allgemein
  • Dieses Quiz wurde 142 mal gespielt
  • Das Durchschnittsergebnis liegt bei 17 aus 21
Antwortstatistiken
Antwort % Korrekt
Berlin Hauptbahnhof
95%
Frankfurt Hauptbahnhof
94%
Köln Hauptbahnhof
94%
Hamburg Hauptbahnhof
93%
München Hauptbahnhof
93%
Düsseldorf Hauptbahnhof
90%
Nürnberg Hauptbahnhof
89%
Stuttgart Hauptbahnhof
89%
Hannover Hauptbahnhof
86%
Leipzig Hauptbahnhof
84%
Dortmund Hauptbahnhof
82%
Essen Hauptbahnhof
78%
Dresden Hauptbahnhof
77%
Duisburg Hauptbahnhof
75%
Berlin Ostbahnhof
71%
Hamburg-Altona
71%
Berlin Gesundbrunnen
69%
Berlin Südkreuz
65%
Köln Messe/Deutz
63%
Karlsruhe Hauptbahnhof
55%
München Ost
48%
Keine übereinstimmenden Quizze gefunden
Verteilung der Resultate
Anzahl Personen mit jedem Resultat
Perzentil nach korrekt beantworteten Fragen
Ihre Resultats-Entwicklung
Sie haben dieses Quiz noch nicht gespielt